00589cam a22002171 4500001001300000003000400013005001700017008004100034010001700075035001900092040001800111042001200129050001900141082001000160100001600170245007700186260005200263300001800315650002100333999001700354ca 36000985 DLC20260227111142.0770531s1929 xx 000 0 eng  aca 36000985  a(OCoLC)3005927 aDLCcTxUdDLC apremarc00aPN6120.C5bP55 a812.51 aPipes, Mai.14aThe boy they turned away,ba Christmas play for children,cby Mai Pipes. aChicago,b Dramatic Publishing Companyc[c1929] a14 p.c19 cm. 0aChristmas plays. c18164d18164